01175nam a2200325 a 450000100060000000300090000600500170001500600090003200800410004101500120008201700510009402000180014503500210016304000280018408000210021208200230023310000340025624501230029025000100041326000550042330000280047849000180050665000450052470000410056992600480061094200120065895600080067099900170067895201540069525967CO-ViMGA20230915232141.0a4774953141112s2004 ck r 000 u spa d aMON1007 aM 18346 - 2010 Oficina Depósito Legal Madrid a9788473566902 a(OCoLC)672588371 aCO-ViMGAbspacCO-ViMGA aMEVIGAPOR.738.5204aMEVIGAPOR.738 O72s1 aOrense Fuentes, Miguel94051910aSEO : bcómo triunfar en buscadores / cMiguel Orense Fuentes, con la colaboración de Octavio Isaac Rojas Orduña a2 ed. aPozuelo de Alarcón, cMadrid ESIC Editorial 2010 a331 p. il., graf. 22 cm aDivulgación14aBuscadores de Internet - Manuales9405201 aRojas Orduña, Octavio Isaac940521 aBNMADRID SDB SDB 004.738.5 ORE SDB_PRESTA 1 2ddccBK a1 2 c33203d33203 00102ddc40708002aMEVIECARbMEVIECARd2015-12-04h22/oct/2014l1m3o004.738 O72s p27245r2022-10-03 00:00:00s2018-05-16tEj. 1w2015-12-04yBK